[Event "BPB Limburg open A"]
[Site "Maastricht"]
[Date "2014.06.06"]
[Round "1"]
[White "L'Ami, Erwin"]
[Black "Harff, Marcel"]
[Result "1-0"]
[WhiteElo "2647"]
[BlackElo "2288"]
[PlyCount "109"]
[EventDate "2014.06.06"]
[EventType "swiss"]
[EventRounds "7"]
[EventCountry "NED"]
[Source "P.Boonen"]
[SourceDate "2014.10.10"]
[WhiteClock "0:20:25"]
[BlackClock "0:31:28"]

1. d4 e6 2. c4 d5 3. Nc3 Nf6 4. Nf3 Be7 5. Bg5 Nbd7 6. e3 O-O 7. Qc2 c6 8. Rd1
Re8 9. h3 a6 10. a3 b5 11. c5 Nh5 12. Bf4 Nxf4 13. exf4 Qc7 14. g3 a5 15. b4
axb4 16. axb4 Nf8 17. Bd3 Bd7 18. O-O Ra3 19. Kg2 Rea8 20. Nd2 Bf6 21. Nb3 Qc8
22. Rfe1 Bd8 23. h4 Bc7 24. h5 h6 25. Re3 Be8 26. Rde1 f6 27. Be2 Bf7 28. Bf3
Qd7 29. Qb2 R3a7 30. Qd2 Ra3 31. Qb2 R3a7 32. Rd1 Re8 33. Qe2 Ra3 34. Nc1 Qc8
35. Qb2 Ra7 36. Nd3 Qd7 37. Rde1 Re7 38. Bg4 Qe8 39. Qe2 Ra3 40. Nb1 Ra4 41. f5
e5 42. Nc3 Ra3 43. Nf4 Qa8 44. Ng6 Re8 45. Qb2 Nd7 46. Nxb5 Rxe3 47. Nxc7 Rxe1
48. Nxa8 Rxa8 49. b5 exd4 50. bxc6 Nxc5 51. c7 Na6 52. Qb7 Nxc7 53. Qxc7 d3 54.
Qc3 Raa1 55. Bf3 1-0

[Event "BPB Limburg open A"]
[Site "Maastricht"]
[Date "2014.06.06"]
[Round "1"]
[White "Lecomte, Robin"]
[Black "Mengerink, Ynze"]
[Result "1/2-1/2"]
[WhiteElo "2038"]
[BlackElo "2146"]
[PlyCount "90"]
[EventDate "2014.06.06"]
[EventType "swiss"]
[EventRounds "7"]
[EventCountry "NED"]
[Source "P.Boonen"]
[SourceDate "2014.10.10"]

1. e4 c6 2. d4 d5 3. Nc3 dxe4 4. Nxe4 Bf5 5. Ng3 Bg6 6. Nh3 e6 7. c3 Bd6 8. Bc4
Nf6 9. Nf4 Qc7 10. Qf3 Nbd7 11. O-O Nd5 12. Bxd5 cxd5 13. Re1 O-O 14. Nxg6 hxg6
15. Bg5 b5 16. Nf1 Rab8 17. h4 b4 18. Re3 bxc3 19. bxc3 Rb2 20. h5 gxh5 21.
Qxh5 Bf4 22. Rh3 f6 23. Bxf4 Qxf4 24. Qh7+ Kf7 25. Rf3 Qh6 26. Qd3 Rfb8 27. Qa6
R8b7 28. Re1 R2b6 29. Qa4 Qg6 30. Rg3 Qh7 31. Rge3 Nf8 32. Nd2 Rb2 33. Qa6 Re7
34. R3e2 Rb6 35. Qc8 Qd3 36. Nb3 Qa6 37. Qxa6 Rxa6 38. Nc5 Rc6 39. Rb2 Nd7 40.
Nxd7 Rxd7 41. Rb3 Rdc7 42. Re3 Ra6 43. Re2 Rac6 44. Re3 Ra6 45. Re2 Rac6
1/2-1/2

[Event "BPB Limburg open A"]
[Site "Maastricht"]
[Date "2014.06.06"]
[Round "1"]
[White "Lentjes, Noud"]
[Black "Dischinger, Frank"]
[Result "1/2-1/2"]
[WhiteElo "2054"]
[BlackElo "2154"]
[PlyCount "103"]
[EventDate "2014.06.06"]
[EventType "swiss"]
[EventRounds "7"]
[EventCountry "NED"]
[Source "P.Boonen"]
[SourceDate "2014.10.10"]

1. e4 c5 2. Nf3 Nc6 3. d4 cxd4 4. Nxd4 g6 5. Be3 Nf6 6. Nc3 Bg7 7. Bc4 O-O 8.
Bb3 a5 9. O-O a4 10. Bxa4 Nxe4 11. Nxe4 Rxa4 12. c3 Ra8 13. Nc5 d5 14. Qd2 Ne5
15. Bg5 Qc7 16. Ncb3 Nc4 17. Qc1 e5 18. Ne2 Be6 19. Bh6 Bxh6 20. Qxh6 Nxb2 21.
f4 f6 22. Ng3 Nd3 23. f5 gxf5 24. Nh5 Rf7 25. Nxf6+ Kh8 26. Nxh7 Qb6+ 27. Kh1
Rxh7 28. Qf6+ Rg7 29. Rxf5 Re8 30. Raf1 Qd8 31. Rh5+ Kg8 32. Qh6 Nf4 33. Rxe5
Ng6 34. Rg5 Rf8 35. Re1 Qf6 36. h4 Nf4 37. Rxg7+ Qxg7 38. Qxg7+ Kxg7 39. g3 d4
40. gxf4 Bd5+ 41. Kg1 dxc3 42. Rc1 Rc8 43. Nd4 Bxa2 44. Kf2 Kf6 45. Ke3 Bf7 46.
Kd3 Rh8 47. Rh1 Rc8 48. Rc1 Bg6+ 49. f5 Bxf5+ 50. Nxf5 Kxf5 51. Rxc3 Rd8+ 52.
Ke3 1/2-1/2

[Event "BPB Limburg open A"]
[Site "Maastricht"]
[Date "2014.06.06"]
[Round "1"]
[White "Miedema, David"]
[Black "Beerdsen, Thomas"]
[Result "0-1"]
[WhiteElo "2374"]
[BlackElo "2205"]
[PlyCount "62"]
[EventDate "2014.06.06"]
[EventType "swiss"]
[EventRounds "7"]
[EventCountry "NED"]
[Source "P.Boonen"]
[SourceDate "2014.10.10"]

1. d4 d5 2. c4 c6 3. Nc3 Nf6 4. e3 e6 5. Nf3 Nbd7 6. Qc2 Bd6 7. Bd2 a6 8. e4
dxe4 9. Nxe4 Nxe4 10. Qxe4 c5 11. O-O-O Qc7 12. Qg4 O-O 13. Bh6 g6 14. Bxf8
Bxf8 15. dxc5 Bg7 16. Qh4 b5 17. c6 Qxc6 18. Qd8+ Nf8 19. Qd6 Qe8 20. Kb1 Bb7
21. cxb5 axb5 22. a3 b4 23. Ka2 Qa4 24. Bc4 Be4 25. Nd4 bxa3 26. b3 Qa5 27. Nb5
Rc8 28. f3 Bd5 29. Rxd5 exd5 30. Qxd5 Ne6 31. Rc1 Rd8 0-1

[Event "BPB Limburg open A"]
[Site "Maastricht"]
[Date "2014.06.06"]
[Round "1"]
[White "Perrenet, Jacob"]
[Black "Serbu, Eli"]
[Result "1-0"]
[WhiteElo "2086"]
[BlackElo "2170"]
[PlyCount "71"]
[EventDate "2014.06.06"]
[EventType "swiss"]
[EventRounds "7"]
[EventCountry "NED"]
[Source "P.Boonen"]
[SourceDate "2014.10.10"]

1. Nc3 c5 2. d4 cxd4 3. Qxd4 Nc6 4. Qh4 Nf6 5. Nf3 Qb6 6. e4 Nb4 7. Bd3 Nxd3+
8. cxd3 d6 9. O-O g6 10. Be3 Qa5 11. Bd4 Bg7 12. Nd5 Qd8 13. Rac1 O-O 14. Nc7
Rb8 15. Bxa7 Bd7 16. Bb6 Bc6 17. d4 Bxe4 18. Nd5 Qe8 19. Nxf6+ exf6 20. Rfe1 f5
21. Bc7 d5 22. Ne5 Rc8 23. Bd6 Qd8 24. Be7 Rxc1 25. Rxc1 Qa5 26. Bxf8 Qd2 27.
Rf1 Bxf8 28. Qf6 Qb4 29. Qxf7+ Kh8 30. Nd7 Be7 31. Rc1 Bc2 32. Nf6 Bxf6 33.
Qxf6+ Kg8 34. Qe6+ Kg7 35. Qe5+ Kh6 36. Rxc2 1-0

[Event "BPB Limburg open A"]
[Site "Maastricht"]
[Date "2014.06.06"]
[Round "1"]
[White "Rey, Fabrice"]
[Black "Degro, Heiko"]
[Result "1/2-1/2"]
[WhiteElo "2147"]
[BlackElo "2042"]
[PlyCount "151"]
[EventDate "2014.06.06"]
[EventType "swiss"]
[EventRounds "7"]
[EventCountry "NED"]
[Source "P.Boonen"]
[SourceDate "2014.10.10"]

1. d4 Nf6 2. c4 e6 3. g3 d5 4. Nf3 Bb4+ 5. Nbd2 O-O 6. Bg2 dxc4 7. Qc2 Nc6 8.
Qxc4 Qd5 9. O-O Bxd2 10. Qxd5 exd5 11. Bxd2 Bg4 12. Bc3 Rfe8 13. e3 Bxf3 14.
Bxf3 Ne4 15. Rfc1 a5 16. Be2 Ne7 17. Be1 c6 18. Bd3 f5 19. h4 g6 20. Rc2 Kf7
21. Rb1 b5 22. a4 b4 23. b3 Rec8 24. Rbc1 Ke6 25. f3 Nf6 26. Bf2 Kd7 27. Re1
Re8 28. Bf1 Nc8 29. Rec1 Ne7 30. Bh3 h5 31. Re1 Nc8 32. Rce2 Nd6 33. Bf1 Rac8
34. Rc2 Ra8 35. Rec1 Rec8 36. Bd3 Rc7 37. Kf1 Rg8 38. Bg1 Re8 39. Ke2 Rg8 40.
Bh2 Re8 41. Kd2 Rg8 42. Rc5 Nb7 43. R5c2 Nd6 44. Rg1 Rcc8 45. Bf1 Rce8 46. Bh3
Re7 47. Kd3 Rge8 48. Re2 Rc8 49. Rc1 Rce8 50. Bg1 Rc8 51. Rg2 Rh8 52. Bh2 Rhe8
53. Re2 Rh8 54. Rg1 Ree8 55. Rc2 Re7 56. Rgc1 Rhe8 57. Bg1 Rc8 58. Bf1 Ree8 59.
Kd2 Rc7 60. Bh2 Rh8 61. Be2 Re8 62. Rg1 Rh8 63. Bd3 Rcc8 64. Rgc1 Rc7 65. Bg1
Re8 66. Be2 Rh8 67. Bf2 Re8 68. Rg1 Rh8 69. Kd3 Rcc8 70. Rg2 Rce8 71. Bg1 Re7
72. Rc1 Ree8 73. Bd1 Re7 74. Rcc2 Rc8 75. Rh2 Ree8 76. Rhg2 1/2-1/2

[Event "BPB Limburg open A"]
[Site "Maastricht"]
[Date "2014.06.06"]
[Round "1"]
[White "Rihouay, Clement"]
[Black "Tugui, Adrian"]
[Result "1/2-1/2"]
[WhiteElo "2206"]
[BlackElo "2397"]
[PlyCount "89"]
[EventDate "2014.06.06"]
[EventType "swiss"]
[EventRounds "7"]
[EventCountry "NED"]
[Source "P.Boonen"]
[SourceDate "2014.10.10"]

1. e4 c5 2. Nf3 a6 3. c4 d6 4. d4 Bg4 5. dxc5 Bxf3 6. Qxf3 dxc5 7. e5 Qd7 8.
Be3 e6 9. Nd2 Nc6 10. Qe4 Nd4 11. Bxd4 cxd4 12. O-O-O Ne7 13. Nb3 Nc6 14. Be2
O-O-O 15. Kb1 a5 16. a4 Qc7 17. f4 Qb6 18. Rd3 Bb4 19. c5 Qc7 20. Rc1 Rd5 21.
Bf3 g6 22. Nxd4 Qd7 23. Nxc6 bxc6 24. Rxd5 exd5 25. Qd3 Qf5 26. Qxf5+ gxf5 27.
Kc2 Kd7 28. Kd3 Rb8 29. Ke2 Ke7 30. g4 fxg4 31. Bxg4 f6 32. e6 f5 33. Bxf5 Rf8
34. Bg4 Rxf4 35. h3 h5 36. Bxh5 Kxe6 37. Be8 Rc4 38. Rxc4 dxc4 39. Bxc6 Bxc5
40. Kd2 Bd4 41. Kc2 Bf6 42. b3 cxb3+ 43. Kxb3 Be7 44. Kc4 Kf6 45. Kd5 1/2-1/2

[Event "BPB Limburg open A"]
[Site "Maastricht"]
[Date "2014.06.06"]
[Round "1"]
[White "Roos, Adrian"]
[Black "Braun, Christian"]
[Result "0-1"]
[WhiteElo "2201"]
[BlackElo "2358"]
[PlyCount "136"]
[EventDate "2014.06.06"]
[EventType "swiss"]
[EventRounds "7"]
[EventCountry "NED"]
[Source "P.Boonen"]
[SourceDate "2014.10.10"]

1. d4 Nf6 2. c4 g6 3. Nc3 Bg7 4. e4 d6 5. Be2 O-O 6. Nf3 e5 7. Be3 Nbd7 8. O-O
Qe7 9. Qc2 c6 10. Rfe1 exd4 11. Nxd4 Nc5 12. f3 d5 13. cxd5 cxd5 14. b4 Ncd7
15. Ndb5 Qxb4 16. Nc7 d4 17. Nxa8 dxe3 18. Nc7 Qc5 19. N7b5 a6 20. Rac1 axb5
21. Nxb5 Qxc2 22. Rxc2 b6 23. Nd6 Nc5 24. Rb1 Nfd7 25. f4 Ba6 26. Bxa6 Nxa6 27.
e5 Nac5 28. Nc4 f6 29. Nxe3 fxe5 30. fxe5 Bxe5 31. Nc4 Bd4+ 32. Kh1 Ne4 33. g3
Ndf6 34. Kg2 Rc8 35. Rd1 Be5 36. Ne3 Nc3 37. Nd5 Nfxd5 38. Rxd5 Bg7 39. Rd7 Ra8
40. Rxg7+ Kxg7 41. Rxc3 Rxa2+ 42. Kf3 Ra7 43. Ke4 Kf7 44. Kd5 Rd7+ 45. Kc6 Rd2
46. Rf3+ Ke6 47. Kxb6 Rxh2 48. Kc5 Rd2 49. Kc4 h5 50. Kc3 Rd8 51. Kc2 Ke5 52.
Kc1 Rd5 53. Kc2 Ke4 54. Ra3 g5 55. Rb3 Ke5 56. Rb4 Rd4 57. Rb5+ Kf6 58. Ra5 Kg6
59. Rb5 h4 60. Kc3 Rd6 61. gxh4 gxh4 62. Kc2 Rd8 63. Ra5 h3 64. Ra3 Rh8 65. Ra1
h2 66. Rh1 Kg5 67. Kd2 Kg4 68. Ke2 Kg3 0-1

[Event "BPB Limburg open A"]
[Site "Maastricht"]
[Date "2014.06.06"]
[Round "1"]
[White "Rose, Dominik"]
[Black "Veltman, Anne"]
[Result "1-0"]
[WhiteElo "2127"]
[BlackElo "2017"]
[PlyCount "31"]
[EventDate "2014.06.06"]
[EventType "swiss"]
[EventRounds "7"]
[EventCountry "NED"]
[Source "P.Boonen"]
[SourceDate "2014.10.10"]

1. d4 e6 2. c4 c5 3. Nf3 g6 4. g3 Bg7 5. Bg2 Ne7 6. O-O cxd4 7. Nxd4 Nbc6 8.
Nb5 O-O 9. N1c3 a6 10. Nd6 Qb6 11. Na4 Qc7 12. c5 Nd4 13. e3 Nb5 14. Qd3 Qa5
15. Nb6 Ra7 16. Bd2 1-0

[Event "BPB Limburg open A"]
[Site "Maastricht"]
[Date "2014.06.06"]
[Round "1"]
[White "Sanijs, Frans"]
[Black "Harff, Wilfried"]
[Result "0-1"]
[WhiteElo "2045"]
[BlackElo "2149"]
[PlyCount "104"]
[EventDate "2014.06.06"]
[EventType "swiss"]
[EventRounds "7"]
[EventCountry "NED"]
[Source "P.Boonen"]
[SourceDate "2014.10.10"]

1. c4 e5 2. Nc3 f5 3. g3 Nf6 4. Bg2 c6 5. Nf3 e4 6. Nd4 g6 7. d3 exd3 8. Qxd3
Na6 9. O-O Bg7 10. Rd1 O-O 11. Ne6 Qe8 12. Nxf8 Bxf8 13. Bf4 Nc5 14. Qd4 Qf7
15. Bd6 Ne6 16. Qh4 Bg7 17. c5 b6 18. Qc4 Nxc5 19. Qxf7+ Kxf7 20. Rac1 Nb7 21.
Be5 d5 22. b4 Bh6 23. e3 Ng4 24. Bc7 b5 25. h3 Nf6 26. Ne2 Bd7 27. Nd4 Rc8 28.
Be5 Ne4 29. a4 bxa4 30. b5 c5 31. Nc6 Ke6 32. Bb2 Bxc6 33. bxc6 Rxc6 34. Ra1
Ra6 35. Bf1 c4 36. Bd4 Bf8 37. Rdb1 Nbc5 38. Rb8 Bd6 39. Re8+ Kd7 40. Rh8 Nb3
41. Rxh7+ Be7 42. Ra2 Nxd4 43. exd4 a3 44. g4 Nc3 45. Ra1 a2 46. gxf5 gxf5 47.
Re1 Re6 48. Ra1 Kc6 49. Rh8 Kb5 50. Rb8+ Rb6 51. Re8 Ba3 52. Re3 Bb2 0-1

[Event "BPB Limburg open A"]
[Site "Maastricht"]
[Date "2014.06.06"]
[Round "1"]
[White "Schenning, Albert"]
[Black "Bus, Tom"]
[Result "1/2-1/2"]
[WhiteElo "2017"]
[BlackElo "2129"]
[PlyCount "110"]
[EventDate "2014.06.06"]
[EventType "swiss"]
[EventRounds "7"]
[EventCountry "NED"]
[Source "P.Boonen"]
[SourceDate "2014.10.10"]

1. e4 c5 2. Nf3 Nc6 3. d4 cxd4 4. Nxd4 Nf6 5. Nc3 d6 6. f3 e5 7. Nb3 Be7 8. Be3
O-O 9. Qd2 Be6 10. Nd5 Bxd5 11. exd5 Nb8 12. a4 Nbd7 13. a5 a6 14. Be2 Rc8 15.
O-O Ne8 16. Ra4 g6 17. Rb4 Rc7 18. c3 Ng7 19. Bd3 f5 20. f4 Bf6 21. g3 Re8 22.
fxe5 Bxe5 23. Be2 Qe7 24. Bg5 Bf6 25. Bxf6 Nxf6 26. Bf3 Qe5 27. Nc1 Ne4 28. Qd4
Qxd4+ 29. Rxd4 Rc5 30. Bxe4 Rxe4 31. Nb3 Rb5 32. Rxe4 fxe4 33. Nd2 e3 34. Nc4
Rxd5 35. Re1 Nf5 36. g4 Rc5 37. gxf5 Rxc4 38. fxg6 hxg6 39. Rxe3 Rc5 40. Re6
Kf7 41. Rxd6 Rxa5 42. Rd7+ Kf6 43. Rxb7 Kf5 44. Kf2 Kg4 45. Kg2 Kf4 46. Rb4+
Kf5 47. Kf3 g5 48. h3 Rd5 49. Rd4 Rb5 50. b4 a5 51. bxa5 Rxa5 52. Ke3 Ra1 53.
Rd5+ Kg6 54. Rd3 Ra4 55. Rd2 Rh4 1/2-1/2

[Event "BPB Limburg open A"]
[Site "Maastricht"]
[Date "2014.06.06"]
[Round "1"]
[White "Schiffers, Sascha"]
[Black "Mende, Andreas"]
[Result "1-0"]
[WhiteElo "2079"]
[BlackElo "2165"]
[PlyCount "101"]
[EventDate "2014.06.06"]
[EventType "swiss"]
[EventRounds "7"]
[EventCountry "NED"]
[Source "P.Boonen"]
[SourceDate "2014.10.10"]

1. e4 c5 2. c3 Nf6 3. e5 Nd5 4. d4 cxd4 5. cxd4 d6 6. Bc4 Nb6 7. Bb5+ Bd7 8. e6
fxe6 9. Bd3 Bc6 10. Nf3 Bxf3 11. Qxf3 Nc6 12. Be3 Nd5 13. Nc3 Qa5 14. O-O Nf6
15. Ne4 Nxe4 16. Bxe4 d5 17. Qh5+ Kd7 18. Bg6 hxg6 19. Qxh8 e5 20. dxe5 e6 21.
f4 Ne7 22. g4 Qb5 23. Qh3 Rc8 24. Rf2 Rc4 25. Qf1 Qa5 26. Rd1 Qxa2 27. Qd3 Qa6
28. Rff1 Ra4 29. Qxa6 Rxa6 30. Ra1 Rxa1 31. Rxa1 Nc6 32. Kg2 a6 33. h4 d4 34.
Rd1 Bc5 35. Kf3 Ke7 36. Bf2 a5 37. Ke4 Bb6 38. Rh1 Kf7 39. h5 gxh5 40. Rxh5 Kg6
41. Rh1 Kf7 42. Rd1 Ba7 43. f5 Bb6 44. Bxd4 Bxd4 45. Rxd4 Nxd4 46. Kxd4 exf5
47. gxf5 g5 48. fxg6+ Kxg6 49. Kc5 a4 50. Kd6 Kf7 51. Kd7 1-0

[Event "BPB Limburg open A"]
[Site "Maastricht"]
[Date "2014.06.06"]
[Round "1"]
[White "Scholzen, Wolfgang"]
[Black "Snuverink, Laurens"]
[Result "0-1"]
[WhiteElo "2120"]
[BlackElo "2009"]
[PlyCount "74"]
[EventDate "2014.06.06"]
[EventType "swiss"]
[EventRounds "7"]
[EventCountry "NED"]
[Source "P.Boonen"]
[SourceDate "2014.10.10"]

1. e4 c5 2. Nf3 Nc6 3. d4 cxd4 4. Nxd4 g6 5. Nc3 Bg7 6. Be3 Nf6 7. Bc4 Qa5 8.
O-O O-O 9. Bb3 d6 10. f3 Bd7 11. Qd2 Nxd4 12. Bxd4 Bc6 13. Rad1 Nd7 14. Bxg7
Kxg7 15. Qd4+ Qe5 16. Nd5 Bxd5 17. Bxd5 Qxd4+ 18. Rxd4 Rab8 19. c3 Rfc8 20. f4
b5 21. a3 Nb6 22. e5 e6 23. Ba2 d5 24. g4 Nc4 25. Rf2 Rh8 26. a4 h5 27. gxh5
Rxh5 28. axb5 Ne3 29. Re2 Nf5 30. Rb4 Rh3 31. Bb1 Ne3 32. b3 Nd1 33. c4 Nc3 34.
Rb2 a5 35. Ra4 Nxa4 36. bxa4 dxc4 37. b6 Rb3 0-1

[Event "BPB Limburg open A"]
[Site "Maastricht"]
[Date "2014.06.06"]
[Round "1"]
[White "Schoppen, Casper"]
[Black "Coenen, Eduard"]
[Result "1-0"]
[WhiteElo "1906"]
[BlackElo "2093"]
[PlyCount "63"]
[EventDate "2014.06.06"]
[EventType "swiss"]
[EventRounds "7"]
[EventCountry "NED"]
[Source "P.Boonen"]
[SourceDate "2014.10.10"]

1. d4 g6 2. Nf3 Bg7 3. c4 d6 4. Nc3 Bg4 5. e3 Nc6 6. Be2 e5 7. Nxe5 Bxe2 8.
Nxc6 Qg5 9. Kxe2 bxc6 10. Kf1 Ne7 11. Qf3 O-O 12. Ne4 Qa5 13. g3 c5 14. Kg2
cxd4 15. exd4 Nf5 16. d5 Rab8 17. Bd2 Qb6 18. b3 Rfe8 19. Rae1 Qa6 20. Bc3 Qxa2
21. Bxg7 Kxg7 22. Qc3+ Re5 23. Nd2 f6 24. Rxe5 fxe5 25. Ra1 Ne3+ 26. Kg1 Qc2
27. Qxe3 Ra8 28. Ne4 a5 29. Ng5 Rb8 30. Ne6+ Kf7 31. Qh6 Rxb3 32. Qf8# 1-0

[Event "BPB Limburg open A"]
[Site "Maastricht"]
[Date "2014.06.06"]
[Round "1"]
[White "Schroer, Marcel"]
[Black "Skutta, Bernd"]
[Result "1-0"]
[WhiteElo "2144"]
[BlackElo "2037"]
[PlyCount "53"]
[EventDate "2014.06.06"]
[EventType "swiss"]
[EventRounds "7"]
[EventCountry "NED"]
[Source "P.Boonen"]
[SourceDate "2014.10.10"]

1. d4 d5 2. c4 c6 3. Nf3 Nf6 4. e3 a6 5. b3 Bf5 6. Be2 e6 7. O-O Be7 8. Bb2
Nbd7 9. Nbd2 h6 10. Ne5 Nxe5 11. dxe5 Ne4 12. Nxe4 Bxe4 13. Qc1 Qa5 14. a3 dxc4
15. b4 Qb6 16. Qxc4 Bg6 17. Bd4 Qb5 18. Qa2 Qd5 19. Bc4 Qe4 20. Rac1 O-O 21. f3
Qh4 22. e4 Rfd8 23. Bb6 Rdc8 24. g3 Qh3 25. Qf2 h5 26. Rfe1 h4 27. g4 1-0

[Event "BPB Limburg open A"]
[Site "Maastricht"]
[Date "2014.06.06"]
[Round "1"]
[White "Sekandar, Kambiz"]
[Black "Hoornstra, Hans"]
[Result "1-0"]
[WhiteElo "2100"]
[BlackElo "1965"]
[PlyCount "41"]
[EventDate "2014.06.06"]
[EventType "swiss"]
[EventRounds "7"]
[EventCountry "NED"]
[Source "P.Boonen"]
[SourceDate "2014.10.10"]

1. e4 c5 2. c3 d5 3. exd5 Qxd5 4. Nf3 Nf6 5. d4 e6 6. Be2 Nc6 7. O-O Be7 8. Be3
cxd4 9. cxd4 O-O 10. Nc3 Qd8 11. Rc1 Nb4 12. Bf4 Nbd5 13. Be5 Bd7 14. Bd3 Bc6
15. Qe2 Re8 16. Rfd1 Rc8 17. Ng5 Bf8 18. Nxd5 Qxd5 19. Rxc6 bxc6 20. Bxf6 gxf6
21. Qh5 1-0

[Event "BPB Limburg open A"]
[Site "Maastricht"]
[Date "2014.06.06"]
[Round "1"]
[White "Snuverink, Jochem"]
[Black "Weller, Manuel"]
[Result "1/2-1/2"]
[WhiteElo "2357"]
[BlackElo "2200"]
[PlyCount "100"]
[EventDate "2014.06.06"]
[EventType "swiss"]
[EventRounds "7"]
[EventCountry "NED"]
[Source "P.Boonen"]
[SourceDate "2014.10.10"]

1. e4 c5 2. Nf3 d6 3. d4 cxd4 4. Nxd4 Nf6 5. Nc3 a6 6. h3 e6 7. g4 d5 8. exd5
Nxd5 9. Bd2 Nc6 10. Nxc6 bxc6 11. Bg2 Be7 12. O-O O-O 13. Qe2 a5 14. Na4 Bb7
15. c4 Nb6 16. Nxb6 Qxb6 17. Bc3 c5 18. Rad1 Bxg2 19. Kxg2 Rfd8 20. Rxd8+ Rxd8
21. Rd1 Qc6+ 22. f3 Rxd1 23. Qxd1 a4 24. b3 a3 25. Qc1 Qa6 26. Qf4 Qb7 27. Qe4
Qc8 28. Be1 h6 29. Qd3 Qc6 30. Bg3 Qb7 31. h4 Qc6 32. h5 Qb7 33. Bf4 Qa7 34.
Qe4 Qa5 35. Qe3 Qa6 36. Be5 Bd6 37. Bc3 Qc6 38. g5 Qc7 39. gxh6 Bf4 40. Qe4
Bxh6 41. Qa8+ Kh7 42. Qe4+ Kg8 43. b4 cxb4 44. Bxb4 Qd8 45. c5 Qg5+ 46. Kf2 Qc1
47. Qa8+ Kh7 48. Qxa3 Qc2+ 49. Ke1 Bf4 50. Kf1 Qb1+ 1/2-1/2

[Event "BPB Limburg open A"]
[Site "Maastricht"]
[Date "2014.06.06"]
[Round "1"]
[White "Stiefel, Roland"]
[Black "Schleipfenbauer, Frank"]
[Result "1/2-1/2"]
[WhiteElo "2035"]
[BlackElo "2134"]
[PlyCount "109"]
[EventDate "2014.06.06"]
[EventType "swiss"]
[EventRounds "7"]
[EventCountry "NED"]
[Source "P.Boonen"]
[SourceDate "2014.10.10"]

1. d4 Nf6 2. Nf3 g6 3. e3 Bg7 4. Bd3 d6 5. O-O O-O 6. b3 c5 7. Bb2 Nc6 8. a3 e5
9. dxe5 Ng4 10. Nbd2 d5 11. Rb1 Be6 12. Bb5 Ncxe5 13. h3 Nxf3+ 14. Nxf3 Bxb2
15. Rxb2 Qf6 16. Rb1 Nh6 17. Be2 Nf5 18. b4 b6 19. bxc5 bxc5 20. Rb5 Rfc8 21.
Qa1 d4 22. exd4 cxd4 23. Bd3 Bc4 24. Bxc4 Rxc4 25. Rb4 Rc3 26. Qd1 Rd8 27. Qe2
Rxa3 28. Rd1 a5 29. Rc4 Qe6 30. Qxe6 fxe6 31. Ne5 Rd5 32. Nc6 Rc3 33. Rxc3 dxc3
34. Ra1 Rd2 35. g4 Nh4 36. Nxa5 Rxc2 37. Nc4 Re2 38. Kf1 Re4 39. Ne3 Rb4 40.
Rc1 Rb3 41. Ke2 g5 42. Kd3 Ng6 43. Kc4 Rb2 44. Nd1 Rb8 45. Nxc3 Rf8 46. Ne4
Rc8+ 47. Nc5 Nf4 48. Rc3 e5 49. Re3 Ng6 50. Kd5 Kf7 51. Ra3 Nf4+ 52. Kd6 Rd8+
53. Kc6 Rc8+ 54. Kb5 Rb8+ 55. Kc6 1/2-1/2

[Event "BPB Limburg open A"]
[Site "Maastricht"]
[Date "2014.06.06"]
[Round "1"]
[White "Van Foreest, Lucas"]
[Black "Sadikhov, Ulvi"]
[Result "1-0"]
[WhiteElo "2190"]
[BlackElo "2337"]
[PlyCount "26"]
[EventDate "2014.06.06"]
[EventType "swiss"]
[EventRounds "7"]
[EventCountry "NED"]
[Source "P.Boonen"]
[SourceDate "2014.10.10"]

1. d4 d6 2. Nf3 Nd7 3. c4 g6 4. Nc3 Bg7 5. e4 e5 6. d5 Bh6 7. Bxh6 Nxh6 8. Qd2
Ng8 9. Be2 Ngf6 10. Qh6 Qe7 11. Qg7 Qf8 12. Qxf8+ Rxf8 13. Nd2 Ke7 {.....} 1-0

[Event "BPB Limburg open A"]
[Site "Maastricht"]
[Date "2014.06.06"]
[Round "1"]
[White "Van Liempt, Michael"]
[Black "Surewaard, Wilbert"]
[Result "1/2-1/2"]
[WhiteElo "2008"]
[BlackElo "2116"]
[PlyCount "21"]
[EventDate "2014.06.06"]
[EventType "swiss"]
[EventRounds "7"]
[EventCountry "NED"]
[Source "P.Boonen"]
[SourceDate "2014.10.10"]

1. e4 d5 2. exd5 Nf6 3. d4 Bg4 4. Nf3 Qxd5 5. Be2 e6 6. h3 Bh5 7. O-O Nc6 8. c4
Qd7 9. Be3 Be7 10. Nc3 Rd8 11. Ne5 1/2-1/2

[Event "BPB Limburg open A"]
[Site "Maastricht"]
[Date "2014.06.06"]
[Round "1"]
[White "Van Osch, Mees"]
[Black "Peschlow, Patrick"]
[Result "1/2-1/2"]
[WhiteElo "2196"]
[BlackElo "2351"]
[PlyCount "94"]
[EventDate "2014.06.06"]
[EventType "swiss"]
[EventRounds "7"]
[EventCountry "NED"]
[Source "P.Boonen"]
[SourceDate "2014.10.10"]

1. e4 c5 2. Nf3 Nc6 3. d4 cxd4 4. Nxd4 e5 5. Nb5 d6 6. N1c3 a6 7. Na3 b5 8. Nd5
Nge7 9. Bg5 h6 10. Bxb5 hxg5 11. Nxe7 axb5 12. Nxc6 Qd7 13. Nb4 Ra4 14. c3 d5
15. Qxd5 Qxd5 16. exd5 Bxb4 17. cxb4 Rxb4 18. O-O-O Bf5 19. b3 Kd7 20. Kb2 Rc8
21. Rc1 Rxc1 22. Rxc1 Kd6 23. f3 Bd7 24. Nc2 Rh4 25. h3 Kxd5 26. Kc3 f5 27.
Nb4+ Ke6 28. Na6 Bc6 29. Kb2 Kd6 30. Rd1+ Rd4 31. Rxd4+ exd4 32. Kc2 g4 33.
hxg4 fxg4 34. fxg4 Bxg2 35. g5 Bb7 36. Nb4 Ke5 37. Nd3+ Kf5 38. Nc5 Bc6 39. Kd3
Ke5 40. a4 bxa4 41. bxa4 Kd5 42. Nb3 Bxa4 43. Nxd4 Ke5 44. Ke3 Bd7 45. Ne2 Kf5
46. Kf3 Kxg5 47. Kg3 Bg4 1/2-1/2

[Event "BPB Limburg open A"]
[Site "Maastricht"]
[Date "2014.06.06"]
[Round "1"]
[White "Van der Auweraert, Elwin"]
[Black "Cioara, Andrei Nestor"]
[Result "1-0"]
[WhiteElo "2212"]
[BlackElo "2438"]
[PlyCount "61"]
[EventDate "2014.06.06"]
[EventType "swiss"]
[EventRounds "7"]
[EventCountry "NED"]
[Source "P.Boonen"]
[SourceDate "2014.10.10"]

1. Nf3 Nf6 2. c4 e6 3. e3 b6 4. Be2 Bb7 5. d3 c5 6. b3 d5 7. Nbd2 Nc6 8. O-O
Bd6 9. Bb2 O-O 10. Rc1 Re8 11. Qc2 e5 12. cxd5 Nxd5 13. Qb1 a5 14. Rfe1 a4 15.
bxa4 Rxa4 16. d4 exd4 17. exd4 cxd4 18. Bc4 Rxe1+ 19. Rxe1 Bc5 20. Qf5 Nce7 21.
Qh5 g6 22. Qh4 Qf8 23. Ng5 h6 24. Nge4 Ra8 25. Nf3 Nf5 26. Qg4 Qg7 27. Ng3 h5
28. Nxh5 Qh8 29. Ng3 Nxg3 30. Qd7 Ra4 31. Qxa4 1-0

[Event "BPB Limburg open A"]
[Site "Maastricht"]
[Date "2014.06.06"]
[Round "1"]
[White "Van der Heijden, Alan"]
[Black "Van den Doel, Erik"]
[Result "1/2-1/2"]
[WhiteElo "2269"]
[BlackElo "2553"]
[PlyCount "111"]
[EventDate "2014.06.06"]
[EventType "swiss"]
[EventRounds "7"]
[EventCountry "NED"]
[Source "P.Boonen"]
[SourceDate "2014.10.10"]
[WhiteClock "0:51:46"]
[BlackClock "0:54:27"]

1. c4 Nf6 2. Nf3 e6 3. g3 d5 4. Bg2 dxc4 5. Qa4+ c6 6. Qxc4 b5 7. Qc2 Bb7 8. d4
Nbd7 9. O-O c5 10. dxc5 Bxc5 11. b4 Bxb4 12. Qb2 Bd6 13. Rd1 Qb6 14. Be3 Bc5
15. Bxc5 Nxc5 16. Na3 O-O 17. Qxb5 Ba6 18. Qxb6 axb6 19. Nd4 Bxe2 20. Bxa8 Bxd1
21. Bg2 Ba4 22. Nc4 Rd8 23. Nc6 Bxc6 24. Bxc6 Rc8 25. Ne5 Ng4 26. Nxg4 Rxc6 27.
Ne5 Rc7 28. Rd1 Kf8 29. Rd8+ Ke7 30. Rg8 h5 31. Rh8 g6 32. Rb8 Kf6 33. f4 Na4
34. Kg2 g5 35. Rh8 gxf4 36. gxf4 Kg7 37. Rxh5 Rc2+ 38. Kg3 Rxa2 39. f5 Nc5 40.
fxe6 Ra3+ 41. Kg4 Ra4+ 42. Kf3 Nxe6 43. Nd7 b5 44. Ke3 Ra7 45. Nb6 Nc7 46. Rg5+
Kf6 47. Rc5 Rb7 48. Rc6+ Kg5 49. Nc8 Nd5+ 50. Kd4 Ne7 51. Rc5+ Kf4 52. Nxe7
Rxe7 53. Rxb5 f5 54. Kd3 Kg4 55. h3+ Kf4 56. Kd2 1/2-1/2